000 00872nam a2200229 a 4500
001 BRCA_138
005 20190320202909.0
008 970403s1994 mx-a---###---#000-0#spa-d
020 _a9682958474
041 _aspa
050 4 _aND1422.M4
_b.J84 1994
245 1 0 _aJuegos de ingenio y agudeza
_bla pintura emblemática de la Nueva España.
260 _aMéxico
_bCNCA
_c1994
300 _a426 p.
_bil.
_c33 cm.
500 _aCatálogo de la exposición realizada en el Museo Nacional de Arte (Ciudad de México), noviembre 1994-febrero 1995
500 _aIncluye imágenes de una pieza de la Colección Franz Mayer: El Biombo de las artes liberales, p. 134
500 _aEstado físico: encuadernado, enero 2013
650 1 4 _aSignos y símbolos en la pintura
_9543
650 1 4 _aEmblemas nacionales
_zMéxico
_9544
650 1 4 _aGrabado
_zMéxico
_9545
942 _2lcc
_cB
999 _c119
_d119